Romain Rolland : Humanismo, combate y soledad

Αποθηκεύτηκε σε:
Λεπτομέρειες βιβλιογραφικής εγγραφής
Κύριος συγγραφέας: Koremblit, Bernardo Ezequiel
Μορφή: Βιβλίο
Γλώσσα:Undetermined
Έκδοση: Buenos Aires, Argentina Argos 1955
Θέματα:
Ετικέτες: Προσθήκη ετικέτας
Δεν υπάρχουν, Καταχωρήστε ετικέτα πρώτοι!

MARC

LEADER 00000nam a2200000Ia 4500
008 170316s9999 xx 000 0 und d
090 |a 100 K-20r 
100 |a Koremblit, Bernardo Ezequiel 
245 |a Romain Rolland : Humanismo, combate y soledad 
260 |a Buenos Aires, Argentina 
260 |b Argos 
260 |c 1955 
300 |a 461 páginas 
650 |a FILOSOFÍA 
999 |c 16672  |d 16672 
040 |a cru BVZT 
942 |c 15 D  |h 100 K-20r  |2 z